Družstevné podnikanie

Guardado en:
Detalles Bibliográficos
Autor principal: Hutník, Felix
Autor Corporativo: Vysoká škola ekonomická v Bratislave. Fakulta ekonomiky a riadenia výrobných odvetví
Otros Autores: Záhoran, Ján, Brhel, Jozef
Formato: Libro
Lenguaje:eslovaco
Publicado: Bratislava VŠE 1991
Edición:1. vyd.
Etiquetas: Agregar Etiqueta
Sin Etiquetas, Sea el primero en etiquetar este registro!

MARC

LEADER 00000nam a2200000 4500
001 c034265
005 20221214093435.0
041 0 |a slo 
044 |a SK 
245 1 0 |a Družstevné podnikanie  |c Felix Hutník, Ján Záhoran, Jozef Brhel 
250 |a 1. vyd. 
264 1 |a Bratislava  |b VŠE  |c 1991 
300 |a 105 s. 
100 1 |a Hutník, Felix 
700 1 |a Záhoran, Ján 
700 1 |a Brhel, Jozef 
710 2 |a Vysoká škola ekonomická v Bratislave. Fakulta ekonomiky a riadenia výrobných odvetví